000 00377nam a2200157Ia 4500
008 230312s9999||||xx |||||||||||||| ||und||
020 _a0-07-120241-2
082 _a624.18
_bCHI-T
100 _aChiara;Joseph.De
245 0 _aBuilding Types
260 _bMcGraw-Hill
_aIndia
_c2001
300 _a1005
546 _aEng.
650 _aArchitecture
_vBuilding Types
942 _cBK
999 _c6615
_d6615